000 01813nam a22003137a 4500
005 20100810144744.0
010 _aENG-99178 B-430899-902
020 _c850.00
_a9788132103059
035 _aEN-82710 B-430899-902
037 _bDBAD/PUB
037 _bAllied Pub/Ven
082 _a363.720954
100 _aAlok Kumar
_928322
245 _aSquatting with dignity :
_cby Kumar Alok
_blessons from India /
260 _aNew Delhi
_bSage Publications
_c2010
270 _bNew Delhi
_e110044
_aB1/I-1 Mohan Cooperative Industrial Area
300 1 _axxvii, 379p.:
_c22cm (Hb)
_bill.
500 _aincludes bibliographical references and index
650 _aIndia
650 _aSanitation, Rural
_928323
700 _99730
942 _2ddc
_cEN
_mALO
_h363.720954
999 _c40701
_d40701